Normal view
MARC view
Entry Personal Name
001 - CONTROL NUMBER
- control field: 48794
003 - CONTROL NUMBER IDENTIFIER
- control field: AUA.1
005 - DATE AND TIME OF LATEST TRANSACTION
- control field: 20150319123546.0
008 - FIXED-LENGTH DATA ELEMENTS
- fixed length control field: 150319|||a|||||| | ||| d
040 ## - CATALOGING SOURCE
- Original cataloging agency: AUA.1
- Transcribing agency: AUA.1
100 ## - HEADING--PERSONAL NAME
- Personal name: Brand, Leonard,
- Dates associated with a name: 1941-
670 ## - SOURCE DATA FOUND
- Source citation: Work cat.: (AUA.1): Brand, Leonard, 1941-, Faith, reason, & earth history :, c2009.